000
00324nam a22001457a 4500
003
SGT
020
_a
978-81-259-1142-5
082
_a
631
_b
SAH
100
_a
SAHAY, K.M.
245
_a
UNIT OPERATIONS OF AGRICULTURAL PROCESSING
250
_a
2NC
260
_a
DELHI
_b
VIKASH
_c
2020
300
_a
374
942
_2
ddc
_c
BK
_0
5
999
_c
22207
_d
22207